[Event "Schweinfurt op 29th"]
[Site "Schweinfurt"]
[Date "2019.06.22"]
[Round "4"]
[White "Kiesel, Jannik"]
[Black "Hohner, Karl Heinz"]
[Result "0-1"]
[WhiteElo "1579"]
[BlackElo "1806"]
[PlyCount "50"]
[EventDate "2019.06.20"]
[EventType "swiss"]
[EventRounds "7"]
[EventCountry "GER"]
[SourceTitle "CBM 191 Extra"]
[Source "ChessBase"]
[SourceDate "2019.09.30"]
[SourceVersion "1"]
[SourceVersionDate "2019.09.30"]
[SourceQuality "1"]

1. e4 c5 2. Nf3 e6 3. d4 cxd4 4. Nxd4 Nf6 5. f3 d6 6. Nc3 a6 7. Be3 Be7 8. Qd2 Nc6 9. 0-0-0 Qc7 10. Bc4 Bd7 11. h4 Rc8 12. h5 Nxd4 13. Bxd4 Qxc4 14. Bxf6 gxf6 15. g4 b5 16. Kb1 h6 17. Rhe1 Kf8 18. Re3 b4 19. Ne2 Kg7 20. Nd4 Kh7 21. f4 Rhg8 22. Rg1 Bd8 23. Nb3 Bb6 24. Qxd6 Bxe3 25. Qxd7 Rc7 0-1

[Event "Schweinfurt op 29th"]
[Site "Schweinfurt"]
[Date "2019.06.21"]
[Round "3"]
[White "Voelker, Joachim"]
[Black "Kiesel, Jannik"]
[Result "1/2-1/2"]
[WhiteElo "1743"]
[BlackElo "1579"]
[PlyCount "36"]
[EventDate "2019.06.20"]
[EventType "swiss"]
[EventRounds "7"]
[EventCountry "GER"]
[SourceTitle "CBM 191 Extra"]
[Source "ChessBase"]
[SourceDate "2019.09.30"]
[SourceVersion "1"]
[SourceVersionDate "2019.09.30"]
[SourceQuality "1"]

1. e4 e6 2. d4 d5 3. exd5 exd5 4. Nf3 Nf6 5. Bd3 Bg4 6. 0-0 Be7 7. Bg5 Nbd7 8. Nbd2 0-0 9. c3 c6 10. Qc2 Re8 11. Ne5 h6 12. Bxf6 Nxf6 13. h3 Be6 14. Bf5 Bxf5 15. Qxf5 Qc8 16. Qxc8 Raxc8 17. Rfe1 Bd6 18. Nd3 Nd7 1/2-1/2

[Event "Schweinfurt op 29th"]
[Site "Schweinfurt"]
[Date "2019.06.20"]
[Round "2"]
[White "Bokov, Igor"]
[Black "Kiesel, Jannik"]
[Result "0-1"]
[WhiteElo "796"]
[BlackElo "1579"]
[PlyCount "68"]
[EventDate "2019.06.20"]
[EventType "swiss"]
[EventRounds "7"]
[EventCountry "GER"]
[SourceTitle "CBM 191 Extra"]
[Source "ChessBase"]
[SourceDate "2019.09.30"]
[SourceVersion "1"]
[SourceVersionDate "2019.09.30"]
[SourceQuality "1"]

1. e4 e6 2. Nc3 d5 3. e5 c5 4. Nb5 Qb6 5. b3 Bd7 6. a4 a6 7. Nc3 Nc6 8. Nf3 Nge7 9. Na2 Ng6 10. Bb2 d4 11. c3 Ngxe5 12. cxd4 Nxf3+ 13. Qxf3 Nxd4 14. Bxd4 cxd4 15. Bc4 Be7 16. Bd3 Bc6 17. Qh3 Qxb3 18. Nc1 Qb6 19. f3 h6 20. 0-0 0-0 21. Qh5 Bd5 22. Rb1 Qc6 23. Nb3 Rab8 24. Nxd4 Bc5 25. Qe5 Qxa4 26. Kh1 Qxd4 27. Qxd4 Bxd4 28. Rb4 Bc5 29. Rg4 a5 30. Be4 Bxe4 31. fxe4 Rfd8 32. g3 Rxd2 33. Rgf4 f6 34. e5 f5 0-1